000 00849nam a2200253 i 4500
001 15159
003 ES-MaACL
005 20240304212851.0
007 t|
008 000110s1997 mx ||||1| spa d
020 _a968-16-5155-3
080 _a929 Dostoevskiï, Fiodor Mijaïlovich
100 1 _aFrank, Joseph.
_952307
245 1 0 _aDostoievski
_b: los años milagrosos, 1865-1871 /
_cJoseph Frank ; [traducción de Mónica Utrilla].
250 _a1ª ed. en español.
260 _aMéxico :
_bFondo de Cultura Económica,
_c1997.
300 _a575 p. :
_bil. ;
_c23 cm.
490 1 _aLengua y estudios literarios
600 1 4 _aDostoievski, Fiódor,
_d1821-1881-
_xBiografías
_945458
700 1 _aUtrilla, Mónica.
_9112338
830 1 _aLengua y estudios literarios
_9179471
852 _aES-MaACL
_jL-22414
999 _c15159
_d15159